| 000 -LEADER |
| fixed length control field |
01521 a2200205 4500 |
| 003 - CONTROL NUMBER IDENTIFIER |
| control field |
Nust |
| 005 - DATE AND TIME OF LATEST TRANSACTION |
| control field |
20221202115924.0 |
| 010 ## - LIBRARY OF CONGRESS CONTROL NUMBER |
| LC control number |
85019721 |
| 020 ## - INTERNATIONAL STANDARD BOOK NUMBER |
| International Standard Book Number |
0070279802 : |
| 040 ## - CATALOGING SOURCE |
| Transcribing agency |
Nust |
| 082 00 - DEWEY DECIMAL CLASSIFICATION NUMBER |
| Classification number |
621.38153,HEL |
| 100 1# - MAIN ENTRY--PERSONAL NAME |
| Personal name |
Helms, Harry L. |
| 9 (RLIN) |
104005 |
| 245 10 - TITLE STATEMENT |
| Title |
Contemporary electronics circuits deskbook / |
| Statement of responsibility, etc. |
Harry L. Helms. |
| 260 ## - PUBLICATION, DISTRIBUTION, ETC. |
| Place of publication, distribution, etc. |
New York : |
| Name of publisher, distributor, etc. |
McGraw-Hill, |
| Date of publication, distribution, etc. |
c1986. |
| 300 ## - PHYSICAL DESCRIPTION |
| Extent |
xii, 253 p. : |
| Other physical details |
ill. ; |
| Dimensions |
29 cm. |
| 505 ## - FORMATTED CONTENTS NOTE |
| Formatted contents note |
Active Filters (Page-1), Amplifiers Circuits (Page-7), Antenna Circuits (Page-15), Audio, High Fidelity and Music Circuits (Page-21), Automotive Circuits (Page-29), Conversion Circuits (Page-33), Digital Circuits (Page-43), Frequency Synthesis Circuits (Page-51), Interfacing Circuits (Page-59), LED and Optoelectronic Circuits (Page-65), Measurements and Indication Circuits (Page-69), Miscellaneous Circuits (Page-81), Modern Circuits (Page-97), Morse Code Circuits (Page-103), Oscillator Circuits (Page-115), Power Supply Circuits (Page-125), Receiving Circuits (Page-135), Repeater Circuits (Page-151), Single Sideband Circuits (Page-163), Telephone Circuits (Page-169), Tele Printer Circuits (Page-179), Television and Video Circuits (Page-189), Test Equipment Circuits (Page-193), Timer Circuits (Page-211), Transceiver Circuits (Page-215), Transmitting Circuits (Page-223), VHF/UHF Circuits (Page-235), Voltage Regulation Circuits (Page-247). |
| 650 #0 - SUBJECT ADDED ENTRY--TOPICAL TERM |
| Topical term or geographic name entry element |
Telecommunication Engineering |
| 740 0# - ADDED ENTRY--UNCONTROLLED RELATED/ANALYTICAL TITLE |
| Uncontrolled related/analytical title |
Contemporary electronics circuits desk book. |
| 942 ## - ADDED ENTRY ELEMENTS (KOHA) |
| Source of classification or shelving scheme |
|
| Koha item type |
Book |